Vista normal
Vista MARC
- Quijivix Vega, José Carlos
Entrada Nombre personal
Número de registros utilizados en: 1
001 - NÚMERO DE CONTROL
- campo de control: 11423
003 - IDENTIFICADOR DE NÚMERO DE CONTROL
- campo de control: gtgcusco
005 - FECHA Y HORA DE LA ÚLTIMA TRANSACCIÓN
- campo de control: 20250304151119.0
008 - ELEMENTOS DE DATO DE LONGITUD-FIJA
- campo de control de longitud fija: 250304|| aca||aabn | a|a d
040 ## - FUENTE DE CATALOGACIÓN
- Centro catalogador/agencia de origen: gtgcusco
- Centro/agencia transcriptor: gtgcusco
100 ## - ENCABEZAMIENTO-NOMBRE DE PERSONA
- Nombre de persona: Quijivix Vega, José Carlos
670 ## - FUENTE DE DATOS ENCONTRADOS
- Cita de la fuente: Work cat.: (gtgcusco)4528: Quijivix Vega, José Carlos, Estudio basal para la evaluación inicial de un programa de administración sistémica de fluoruro en la república de Guatemala., 2003

